| 000 | 00380cam a22001097a 4500 | ||
|---|---|---|---|
| 008 | 180718b1966 xxu||||| |||| 00| 0 eng d | ||
| 082 | _aG931x41 Un3 | ||
| 100 | _aScotland. Home and Health Department | ||
| 245 | _aConveyancing legislation and practice: report by a Committee appointed by the secretary of state for Scotland | ||
| 260 |
_aEdinburgh _bH.M.S.O. _c1966 |
||
| 300 | _a119+p | ||
| 999 |
_c491293 _d491293 |
||